000 00895nam a2200205Ia 4500
003 GCL
005 20240530104030.0
008 140319s9999 xx 000 0 ara d
040 _aGCL /
_cGCL
082 0 4 _a414.3
_bت ت
100 1 _aالثعالبى : ابى منصور عبدالملك بن محمد بن اسماعيل النيسابورى
245 1 0 _aتحسين القبيح وتقبيح الحسن /
_cالثعالبى : ابى منصور عبدالملك بن محمد بن اسماعيل النيسابورى ؛ محقق شاكر العاشور
260 _a[ العراق ] :
_bوزارة الاوقاف ،
_c1981
300 _a163 ص؛
_b24 سم
490 _aسلسلة احياء التراث الاسلامى
_v( 38 )
650 0 4 _aالبلاغة العربية
650 0 4 _aالبيان العربى
700 1 _aشاكر العاشور
_4محقق
942 _2ddc
_cBK
999 _c44223
_d44223